| 000 | 00669cab a2200229 4500 | ||
|---|---|---|---|
| 001 | WB3309-42 | ||
| 008 | 090401t1997 xxu||||| |||| 00| 0 eng d | ||
| 035 | _a(Sirsi) u59931 | ||
| 041 | _aeng | ||
| 245 | _aHeron to develop multiplex sites | ||
| 260 | _c1997 | ||
| 350 | _a0 | ||
| 490 |
_aFinancial Times _v26 February 1997, 27(1) |
||
| 520 | _aHeron International is to develop a network of `branded` multiplex cinemas and leisure centres in continental Europe. | ||
| 650 | _aEUROPE | ||
| 650 | _aHERON INTERNATIONAL | ||
| 650 | _aLEISURE CENTRES | ||
| 650 | _aMULTIPLEX CINEMAS | ||
| 690 | _aLEISURE AND RECREATION | ||
| 942 | _n0 | ||
| 948 | _c04/03/1997 | ||
| 999 |
_c36875 _d36875 |
||